| 000 | 00640nam a22002175i 4500 | ||
|---|---|---|---|
| 001 | 170614 | ||
| 003 | ES-MaACL | ||
| 005 | 20240510063137.0 | ||
| 008 | 090324s1972 sp |||| | spa d | ||
| 080 | _a821.134.2-14"19" | ||
| 100 | 1 |
_aMurciano, Carlos, _d1931- _9153351 |
|
| 245 | 1 | 0 |
_aClave / _cCarlos Murciano. |
| 250 | _a1ª ed. | ||
| 260 |
_aSantander : _bLa Isla de los Ratones, _c1972. |
||
| 300 |
_a80 p. ; _c17 cm. |
||
| 490 | 1 |
_aColección "Poetas de Hoy" ; _v63 |
|
| 830 | 0 |
_aColección "Poetas de Hoy" ; _v63 _9189058 |
|
| 852 |
_aES-MaACL _j2253-F-5 _9R.144595 |
||
| 942 | _2udc | ||
| 999 |
_c170614 _d170614 |
||